| 000 | 01120nam a2200301Ia 4500 | ||
|---|---|---|---|
| 003 | OSt | ||
| 005 | 20221005110615.0 | ||
| 006 | a|||||r|||| 00| 0 | ||
| 007 | ta | ||
| 008 | 221004b |||||||| |||| 00| 0 hin d | ||
| 020 |
_a9788126320479 (pbk) _cINR 220.00 |
||
| 024 | _a37131 | ||
| 037 |
_bBW/1686, 15/03/2018, Bookwell _cTextual |
||
| 040 |
_aCRL _cCRL _bhin |
||
| 041 |
_2hin _ahin |
||
| 082 | _aO157,3N10,BK, 152M2;P0 | ||
| 100 | _aआशापूर्णा देवी, ले. | ||
| 245 | 0 | _aबकुलकथा | |
| 246 | _aBakulakathā | ||
| 250 | _aसंस्करण 15 | ||
| 260 |
_aनई दिल्ली _bभारतीय ज्ञानपीठ भारत _c2000 |
||
| 300 |
_a406पृ0 _ccm. |
||
| 490 | _aराष्ट्रभारती; ग्रन्थांक 404 | ||
| 650 | _a बंगाली साहित्य | ||
| 650 | _aबंगाली कहानी | ||
| 942 |
_hO157,3N10,BK, 152M2;P0 _cTEXL _2cc |
||
| 999 |
_c1019335 _d1019335 |
||